Nota peperiksaan : spm-KBSM sejarah dunia 1995/6

Bibliographic Details
Main Author: Johari Mohamad
Format: Book
Published: P.Jaya : Preston , 1995
Subjects:

MARC

LEADER 00000cam a2200000 7i4500
001 0000006082
002 000006572
005 20000330.0
020 |a 9679173437 
090 0 0 |a 909   |b JOH 
100 0 |a Johari Mohamad 
245 1 0 |a Nota peperiksaan :   |b spm-KBSM sejarah dunia 1995/6   |c Johari Mohamad 
260 |a P.Jaya :   |b Preston ,   |c 1995 
300 |a 326p. ;   |c 28cm. 
650 0 0 |a World history   |x SPM 
999 |a 038209   |b BUKU   |c RUJUKAN   |e PERPUSTAKAAN KOMUNITI PETALING JAYA 
999 |a 038210   |b BUKU   |c RUJUKAN   |e PERPUSTAKAAN KOMUNITI PETALING JAYA